000
00191 a2200097 4500
020
_a
9780060539511
041
_a
eng
100
_a
Mercer Mayer
245
_a
Grandma Grandpa and Me
942
_c
K
999
_c
27762
_d
27762